logo

Bir Sreshtho Munshi Abdur Rouf Library
Jhenaidah Cadet College

উচ্চ মাধ্যমিক পদার্থ বিজ্ঞান (দ্বিতীয় পত্র) / (Record no. 8819)

MARC details
000 -LEADER
fixed length control field 00915nam a22002417a 4500
001 - CONTROL NUMBER
JCCL Control Number 8819
003 - CONTROL NUMBER IDENTIFIER
JCCL marc code BD-JhCC
005 - DATE AND TIME OF LATEST TRANSACTION
control field 20211111134021.0
008 - FIXED-LENGTH DATA ELEMENTS--GENERAL INFORMATION
fixed length control field 180222s199৪2011bg a|||| ||a| 000 0 ben d
035 ## - SYSTEM CONTROL NUMBER
system control number (BD-JhCC)8819
040 ## - CATALOGING SOURCE
Original cataloging agency BD-JhCC
Modifying agency BD-JhCC
041 ## - LANGUAGE CODE
Language code of Book ben
082 ## - DEWEY DECIMAL CLASSIFICATION NUMBER
Classification number 530.00
Author mark and Year GON 1994
100 ## - MAIN ENTRY--PERSONAL NAME
Personal name গনি, মোঃ আবদুল
245 ## - TITLE STATEMENT
Title উচ্চ মাধ্যমিক পদার্থ বিজ্ঞান (দ্বিতীয় পত্র) /
Statement of responsibility, etc মোঃ আবদুল গনি, সুশান্ত সরকার; অচিন্ত্য দত্ত
260 ## - PUBLICATION, DISTRIBUTION, ETC. (IMPRINT)
Place of publication, distribution, etc ঢাকাঃ
Name of publisher, distributor, etc মল্লিক ব্রাদার্স,
Date of publication, distribution, etc 1994.
300 ## - PHYSICAL DESCRIPTION
Pagination 707 p. :
Dimensions 24 cm.
650 ## - SUBJECT ADDED ENTRY--TOPICAL TERM
Topical term or geographic name as entry element Physics
700 ## - ADDED ENTRY--PERSONAL NAME
Personal name সরকার, সুশান্ত
700 ## - ADDED ENTRY--PERSONAL NAME
Personal name দত্ত, অচিন্ত্য
942 ## - ADDED ENTRY ELEMENTS (KOHA)
Source of classification or shelving scheme Dewey Decimal Classification
Koha item type Books
Koha issues (borrowed), all copies 1
Holdings
Source of classification or shelving scheme Damaged status Not for loan Home library Current library Shelving location Date of accession Cost, normal purchase price Total Checkouts Full call number Barcode Date last seen Date checked out Copy number Koha item type
Dewey Decimal Classification     JCC Rouf Library JCC Rouf Library General Stacks 03/04/2018 190.00 1 530.00 GON 1994 11707 05/05/2024 01/16/2024 C-1 Books
Dewey Decimal Classification     JCC Rouf Library JCC Rouf Library General Stacks 03/22/2018 133.00 1 530.00 GON 1994 12989 06/07/2022 11/11/2021 C-2 Books

JCC Library | Contacts | JCC Home

Last Update on 23 September 2017
Copyright @ 2017-2020 JCC Rouf Library
Rouf Library, Jhenidah Cadet College (JCC), Bangladesh